00488nam a2200193 a 4500001001300000003000900013005001700022008004100039020000800080082001900088100001900107245003000126260003500156300000800191500003500199505002000234650002100254700001900275nice12345678IN_TiNIC20260116013433.0050524s1990 hyda grp 000 0 urd  ac300a891.43982bMOI aMoinuddin, S K aUrdu Zaban Ki Pahli Kitab aHyderabadbGovt. of A.P c1990 a92p aincludes index and biblioraphy2 aGlossary, Index aUrdu-Coursr Book1 aMoinuddin, S K